<?xml version="1.0" encoding="UTF-8"?>
<collection xmlns="http://www.loc.gov/MARC21/slim">
 <record>
  <leader>00542pamaa2200181   4500</leader>
  <controlfield tag="001">0000034707</controlfield>
  <controlfield tag="005">20071214090000.0</controlfield>
  <datafield tag="020" ind1="0" ind2="0">
   <subfield code="a">0273658042 </subfield>
  </datafield>
  <datafield tag="082" ind1=" " ind2=" ">
   <subfield code="a">650.072 SAU</subfield>
  </datafield>
  <datafield tag="090" ind1="0" ind2="0">
   <subfield code="a">HD30.4 </subfield>
   <subfield code="b">SAU 2003</subfield>
  </datafield>
  <datafield tag="100" ind1="1" ind2="0">
   <subfield code="a">Saunders </subfield>
  </datafield>
  <datafield tag="245" ind1="1" ind2="0">
   <subfield code="a">Research methods for business students  </subfield>
   <subfield code="c">Mark  Saunders, Philip Lewis and Adrian Thornhill.</subfield>
  </datafield>
  <datafield tag="250" ind1="0" ind2="0">
   <subfield code="a">3rd ed..</subfield>
  </datafield>
  <datafield tag="260" ind1="0" ind2="0">
   <subfield code="a">Harlow: </subfield>
   <subfield code="b">Prentice Hall, </subfield>
   <subfield code="c">2003.</subfield>
  </datafield>
  <datafield tag="300" ind1=" " ind2=" ">
   <subfield code="a">xviii, 504p.; </subfield>
   <subfield code="c">25cm.</subfield>
  </datafield>
  <datafield tag="650" ind1="0" ind2="0">
   <subfield code="a">Business -- </subfield>
   <subfield code="x">Research -- </subfield>
   <subfield code="x">Methodology </subfield>
  </datafield>
  <datafield tag="700" ind1="1" ind2="1">
   <subfield code="a">Lewis, </subfield>
   <subfield code="h">Philip </subfield>
  </datafield>
  <datafield tag="700" ind1="1" ind2="1">
   <subfield code="a">Thornhill, </subfield>
   <subfield code="h">Adrian </subfield>
  </datafield>
 </record>
</collection>
